| 000 | 01362nam a2200337 c 4500 | ||
|---|---|---|---|
| 003 | BLK | ||
| 005 | 20250620110015.0 | ||
| 008 | 180411b bul|||||r ||||||| ||bul|| | ||
| 010 | _aKNG00190022000 | ||
| 020 |
_a978-619-164-222-9 _bиздат.: Enthusiast |
||
| 040 | _aBLK | ||
| 041 |
_aBUL _cBUL |
||
| 072 | 7 |
_2bullib _aН84 _xБългарска художествена литература Н |
|
| 080 |
_aБългарска литература _b821.163.2 _x-31 _z821.163.2-31 |
||
| 100 | 1 |
_aРайкова, Венета Руменова _eпърви автор _9341413 |
|
| 700 | 1 |
_aРайкова-Георгиева, Венета Руменова _e* _9341414 |
|
| 139 |
_aРайкова, Венета Руменова _bР 27 |
||
| 245 | 1 | 0 |
_aВещицата _bРоман _cВенета Руменова Райкова; * Венета Руменова Райкова-Георгиева. |
| 257 | _aBGR | ||
| 260 |
_аСофия _bEnthusiast _c2016 _fСофия : Алианс принт |
||
| 300 |
_a344 с. _c20 см |
||
| 380 | _aX | ||
| 500 | _aСъдържа и за авт. | ||
| 659 | _aН | ||
| 852 | _aЦб 282051 | ||
| 856 | 4 |
_qpdf _u |
|
| 856 | 4 |
_qpdf _u |
|
| 942 |
_cKNG _n0 _0145 |
||
| 944 |
_aCR _c22.08.2016 _lЦветомила Тодорова _k30576 |
||
| 944 |
_aED _c30.12.2016 _lф / _kЛюдмила_Стоянова |
||
| 999 |
_c181129 _d181129 |
||